00680nam a22001937a 4500003000900000008004100009040007100050082001700121100001800138245002900156260003500185300003700220440002900257505012800286650001700414650001100431650002600442700001800468AR-CdUCM190321b ||||| |||| 00| 0 spa d aMUNICIPALIDAD PROVINCIAL DEL CUSCOcBIBLIOTECA MUNICIPAL DEL CUSCO a573.6 /bM86 aMorel, Pierre aLa Antropologia Fisica / aBuenos Aires :bEUDEBA,c1964. a114 paginas ;bgraficos,c18 cm. aCuadernos de Eudeban124 aContenido: historia y evolución -- el craneo y la cabeza -- esqueleto poscraneo -- estatura -- caracteres serologicos.... aAntropologia aFisica aEl craneo y la cabeza aBillino, Sara